000 01163nam a22003377a 4500
003 CHAP
005 20220329135740.0
008 971013s1976 r 00010 d
010 _a41462
011 _a42434
035 _a46563
040 _cCHAP
090 _aTesis
100 0 0 _aSaavedra Corona, Rafael M.
_9101076
245 _aAnálisis del desarrollo de algunos usuarios de crédito agropecuario en los estados de Sonora, Tabasco y Guanajuato
260 _aMéxico, D.F. :
_bEl autor,
_c1976
300 _a85 h
502 _aTesis (Lic. en Economía) -- UNAM. Esc. Nacional de Economía
590 _aALEPH
_b10
_c20130110
_lUCH01
_h1310
590 _aBATCH-UPD
_b10
_c20130110
_lUCH01
_h2251
590 _aBATCH-UPD
_b10
_c20130410
_lUCH01
_h1545
590 _aBATCH-UPD
_b10
_c20130914
_lUCH01
_h1101
590 _aCONVERSION
_b10
_c20130109
_lUCH01
_h1323
650 1 4 _aCrédito agrícola
_xSonora.
_929080
650 1 4 _aCrédito agrícola
_zGuanajuato.
_929088
650 1 4 _aCrédito agrícola
_zTabasco.
_929091
901 _aBK
942 _cFOLL
949 _bBC
_cTES
_d-106107
_eTS1
_i46563
_si
949 _bBC
_cTES
_d-106110
_eTS2
_fc.2
_h17981
_i46563
_si
999 _c41462
_d41462